Online
Catalog

Historia universal / (Record no. 17420)

MARC details
000 -CABECERA
campo de control de longitud fija 01800nam a2200241 a 4500
001 - NÚMERO DE CONTROL
campo de control 000017896
005 - FECHA Y HORA DE LA ÚLTIMA TRANSACCIÓN
campo de control 20250429110432.0
008 - DATOS DE LONGITUD FIJA--INFORMACIÓN GENERAL
campo de control de longitud fija 100407s1986 dr c 000 0 spa d
040 ## - FUENTE DE LA CATALOGACIÓN
Centro catalogador/agencia de origen DO-SdBNP
Lengua de catalogación spa
Centro/agencia transcriptor BNPHU
082 ## - NÚMERO DE LA CLASIFICACIÓN DECIMAL DEWEY
Número de clasificación 909.09
Número de documento/Ítem M276h
049 ## - FONDOS LOCALES (OCLC)
Fondos de biblioteca En proceso
100 1# - ENTRADA PRINCIPAL--NOMBRE DE PERSONA
Nombre de persona Manfred, A. Z.
9 (RLIN) 38833
245 10 - MENCIÓN DE TÍTULO
Título Historia universal /
Mención de responsabilidad, etc. A. Z. Manfred.
260 ## - PUBLICACIÓN, DISTRIBUCIÓN, ETC.
Lugar de publicación, distribución, etc. Santo Domingo :
Nombre del editor, distribuidor, etc. UASD
-- Pogreso,
Fecha de publicación, distribución, etc. 1986.
300 ## - DESCRIPCIÓN FÍSICA
Extensión v. :
Otras características físicas retrs. ;
Dimensiones 21 cm.
490 1# - MENCIÓN DE SERIE
Mención de serie Publicaciones de la Universidad Autónoma de Santo Domingo
Designación de volumen o secuencia 528
500 ## - NOTA GENERAL
Nota general Incluye notas al pie de páginas
500 ## - NOTA GENERAL
Nota general La biblioteca posee el tomo 2
500 ## - NOTA GENERAL
Nota general La gran revolución de octubre, comienzo de una nueva era en la historia de la humanidad, 5 - la terminación de la primera guerra mundial y el nuevo reparto del mundo, 37 - la construcción del socialismo en la URSS, 48 - el mundo capitalista entre dos guerras mundiales, 111- el movimiento de la liberación nacional de los pueblos de Asia, Africa y América Latina en el período entre dos guerras mundiales, 140 - la segunda guerra mundial. La gran guerra patria del pueblo soviético, 224 - la Unión Soviética después de la segunda guerra mundial. Comineza la contrucción del cosumismo en la URSS, 258 - el sistema socialista mundial, 288 - los EE. UU. y los países capitalistas en Europa en los años de posguerra. formación de bloques agresivos, 338 - auge de la lucha antiimperialista de los pueblos de Asia, Africa y América Latina. Desintegración del sistema colonial, 373 - la lucha entre fuerzas de la paz y la guerra, 436 - conclusión, 443 - cronología, 451.
650 #0 - PUNTO DE ACCESO ADICIONAL DE MATERIA--TÉRMINO DE MATERIA
Término de materia o nombre geográfico como elemento de entrada Historia universal
9 (RLIN) 933
710 1# - PUNTO DE ACCESO ADICIONAL--NOMBRE DE ENTIDAD CORPORATIVA
Nombre de entidad corporativa o nombre de jurisdicción como elemento de entrada Universidad Autónoma de Santo Domingo
9 (RLIN) 72951
830 #0 - PUNTO DE ACCESO ADICIONAL DE SERIE-TÍTULO UNIFORME
Título uniforme Publicaciones de la Universidad Autónoma de Santo Domingo
Número de parte o sección de la obra 528
9 (RLIN) 38834
Holdings
Estado de retiro Estado de pérdida Restricciones de uso No para préstamo Código de colección Localización permanente Ubicación/localización actual Ubicación en estantería Fecha de adquisición Número de inventario Total de préstamos Signatura topográfica completa Código de barras Fecha visto por última vez Precio válido a partir de Tipo de ítem Koha
        Patrimonio Dominicano General General En catalogación 08.04.2013 LF1   v. 2, e. 3 17896-50 25.06.2020 25.06.2020 Libro y Folleto Colección Patrimonio Dominicano
      Excluido de préstamo Patrimonio Dominicano Patrimonio Dominicano Patrimonio Dominicano Depósito 21.07.2010 LF1   v. 1 17896-20 25.06.2020 25.06.2020 Libro y Folleto Colección Patrimonio Dominicano
      Excluido de préstamo Patrimonio Dominicano Patrimonio Dominicano Patrimonio Dominicano En catalogación 04.03.2011 LF1   v. 2 17896-30 25.06.2020 25.06.2020 Libro y Folleto Colección Patrimonio Dominicano
      Excluido de préstamo Patrimonio Dominicano Patrimonio Dominicano Patrimonio Dominicano En catalogación 08.04.2013 LF1   v. 2, e. 2 17896-40 25.06.2020 25.06.2020 Libro y Folleto Colección Patrimonio Dominicano

Powered by Koha